Physique
Shranjeno v:
| Glavni avtor: | |
|---|---|
| Format: | Knjiga |
| Jezik: | francoščina grščina |
| Izdano: |
París
Société D'Edition Les Belles Lettres
1966
|
| Serija: | Collection des Universités de France
|
| Teme: | |
| Oznake: |
Označite
Brez oznak, prvi označite!
|
MARC
| LEADER | 00000nam a2200000 a 4500 | ||
|---|---|---|---|
| 001 | UCO4928 | ||
| 003 | CL-VaPUC | ||
| 008 | 000825e19660000FR |||||||||||||||||fre|d | ||
| 041 | 0 | 7 | |a fre |2 CL-VaPUC |
| 041 | 0 | 7 | |a gre |2 CL-VaPUC |
| 082 | 0 | 4 | |a 185 |b ARI |2 21 |
| 100 | |a Aristóteles, |d 384 a.C.- 322 a.C. |e author |9 194 | ||
| 245 | 1 | 0 | |a Physique |
| 300 | |a v | ||
| 942 | |c BK | ||
| 945 | |d 20000825 00:00:00 |a crobeson | ||
| 260 | |a París |b Société D'Edition Les Belles Lettres |c 1966 | ||
| 500 | |a v.1-2: Libros del 1 al 8 | ||
| 600 | 0 | |a Aristóteles, |d 384 a.C.- 322 a.C. |9 194 | |
| 650 | 0 | |a Filosofía |9 223554 | |
| 650 | 0 | |a Filosofía antigua |9 255705 | |
| 650 | 0 | |a Física |9 227844 | |
| 650 | 0 | |a Naturaleza |9 269656 | |
| 650 | 0 | |a Vida |9 266033 | |
| 650 | 0 | |a Cosmología |9 269138 | |
| 651 | 0 | |a Grecia |9 265314 | |
| 583 | |a last modification |c 20000825 00:00:00 |k Rodrigo Vera | ||
| 490 | 0 | |a Collection des Universités de France | |
| 999 | |c 290887 |d 290885 | ||
| 952 | |0 0 |1 0 |4 0 |6 185_000000000000000_ARI_1966 |7 0 |8 A |9 340498 |a BIBEDU |b BIBEDU |d 2019-11-20 |h v.1-2 |i 1509268 |l 1 |o 185 ARI 1966 |p 1509268 |r 2022-05-19 |s 2022-05-18 |w 2019-11-20 |y BK |k FIL | ||